000 01456nam0a2200385 4500
001 RU\NLR\BIBL_A\012503486
005 20210524165949.0
010 _a978-5-04-113690-1
_92500
021 _aRU
_bКН-П-20-078192
_9КН-П-20-5911
035 _a(NLR Aleph) 012503486
035 _a(RuMoRGB)010507187
090 _a12241510
_c12241510
100 _a20210414d2020 e y0rusy50 ca
101 1 _arus
_ceng
102 _aRU
105 _ay zzzz||||y
181 0 _ai
_baxxe
182 0 _an
200 1 _aВызов принят!
_fСелеста Барбер
_gперевод с английского Виктории Кульницкой
203 _aТекст
_bвизуальный
_cнепосредственный
210 _aМосква
_cЭксмо
_d2020
215 _a284, [2] с.
_d21
300 _aЗагл. и авт. ориг.: Challenge accepted!/ Celeste Barber
333 _a16+
454 0 _12001#$aChallenge accepted!$fCeleste Barber
_1700#1$aBarber$bC.$gCeleste
_tChallenge accepted!
_aBarber, Celeste
600 1 _aБарбер
_bС.
_f1982
_gСелеста
_92477055
_3RU\NLR\AUTH\6601687490
686 1 _aЩ374.3(82)65-86Барбер С.
686 1 _aЩ363(82)65-86Барбер С.
686 1 _aШ6(82)67-491{Лх3018-45}
700 1 _aБарбер
_bС.
_f1982-
_gСелеста
942 _cBOOK
980 _aNBR
980 _aNB